[Event "Hastings Weekend op"]
[Site "Hastings"]
[Date "2023.01.07"]
[Round "3"]
[White "Butt, Laurence"]
[Black "Cove, Henry"]
[Result "0-1"]
[WhiteElo "1740"]
[BlackElo "1840"]
[PlyCount "80"]
[EventDate "2023.01.07"]
[EventType "swiss"]
[EventRounds "5"]
[EventCountry "ENG"]
[SourceTitle "CBM 212 Extra"]
[Source "ChessBase"]
[SourceDate "2023.03.31"]
[SourceVersion "1"]
[SourceVersionDate "2023.03.31"]
[SourceQuality "1"]

1. d4 d5 2. f4 Nf6 3. Nf3 c5 4. e3 Nc6 5. Be2 Bg4 6. 0-0 e6 7. h3 Bxf3 8. Bxf3 Bd6 9. c3 0-0 10. g4 Ne4 11. Bxe4 dxe4 12. Qe1 Ne7 13. Nd2 f5 14. dxc5 Bxc5 15. Nb3 Rc8 16. Bd2 Qb6 17. Qe2 Nd5 18. Nxc5 Qxc5 19. gxf5 exf5 20. Kh2 Rc6 21. Rac1 b5 22. b3 Nb6 23. Rg1 g6 24. Rg3 Rfc8 25. h4 R8c7 26. h5 Qf8 27. Rh3 Nd5 28. hxg6 Rxg6 29. Qxb5 Qd8 30. Qe2 Rcg7 31. Be1 Rg4 32. c4 Nf6 33. c5 Rg2+ 34. Qxg2 Rxg2+ 35. Kxg2 Qd3 36. Rg3+ Ng4 37. Rxg4+ fxg4 38. Kf2 g3+ 39. Kg2 Qe2+ 40. Kh3 g2 0-1

[Event "London Classic op U2050-A 11th"]
[Site "London"]
[Date "2019.12.01"]
[Round "5"]
[White "Cove, Henry"]
[Black "Gibbs, Dominic V"]
[Result "1/2-1/2"]
[WhiteElo "1832"]
[BlackElo "1885"]
[PlyCount "71"]
[EventDate "2019.11.29"]
[EventType "swiss"]
[EventRounds "5"]
[EventCountry "ENG"]
[SourceTitle "CBM 195 Extra"]
[Source "ChessBase"]
[SourceDate "2020.05.31"]
[SourceVersion "1"]
[SourceVersionDate "2020.05.31"]
[SourceQuality "1"]

1. d4 f5 2. Nf3 Nf6 3. g3 g6 4. Bg2 Bg7 5. 0-0 0-0 6. b3 d6 7. Bb2 c6 8. c4 Na6 9. Nbd2 Qe8 10. Qc2 Kh8 11. e3 Nd7 12. d5 Nf6 13. dxc6 bxc6 14. Rad1 Bd7 15. a3 c5 16. Nb1 Rb8 17. Nc3 Nc7 18. Nd5 Ncxd5 19. cxd5 Qf7 20. b4 cxb4 21. axb4 Rxb4 22. Ra1 Rc8 23. Qd2 Rb7 24. Rfc1 Ra8 25. Ng5 Qg8 26. Ne6 Bxe6 27. dxe6 Ne4 28. Bxg7+ Qxg7 29. Qd5 Rab8 30. Bxe4 fxe4 31. Qxe4 Qf6 32. Rf1 Kg7 33. Ra4 Qf5 34. Qd4+ Qf6 35. Qe4 Qf5 36. Qd4+ 1/2-1/2

[Event "Margate Thanet op"]
[Site "Margate"]
[Date "2017.08.20"]
[Round "5"]
[White "Bowmer, Kevin"]
[Black "Cove, Henry"]
[Result "1-0"]
[WhiteElo "2041"]
[BlackElo "1900"]
[PlyCount "41"]
[EventDate "2017.08.18"]
[EventType "swiss"]
[EventRounds "5"]
[EventCountry "ENG"]
[SourceTitle "EXT 2019"]
[Source "ChessBase"]
[SourceDate "2018.10.10"]
[SourceVersion "1"]
[SourceVersionDate "2018.10.10"]
[SourceQuality "1"]

1. e4 c5 2. Nf3 d6 3. d4 cxd4 4. Nxd4 Nf6 5. Nc3 a6 6. f3 e5 7. Nb3 Be6 8. Be3 Be7 9. Qd2 0-0 10. 0-0-0 a5 11. Bb5 Na6 12. Qe2 Qb8 13. g4 Rc8 14. g5 Nd7 15. Nd5 Bd8 16. Kb1 Ndc5 17. Nxc5 Nxc5 18. a4 Bd7 19. Bxc5 Bxb5 20. Qxb5 Rxc5 21. Qe8# 1-0

[Event "London Classic CSC op U2000 7th"]
[Site "London"]
[Date "2015.12.06"]
[Round "5"]
[White "Clark, Ian C"]
[Black "Cove, Henry"]
[Result "1-0"]
[WhiteElo "1985"]
[BlackElo "1788"]
[PlyCount "55"]
[EventDate "2015.12.04"]
[EventType "swiss"]
[EventRounds "5"]
[EventCountry "ENG"]
[SourceTitle "CBM 169 Extra"]
[Source "ChessBase"]
[SourceDate "2015.12.18"]
[SourceVersion "1"]
[SourceVersionDate "2015.12.18"]
[SourceQuality "1"]

1. e4 c5 2. Nf3 d6 3. d4 cxd4 4. Nxd4 Nf6 5. Nc3 a6 6. Be3 e5 7. Nf3 Qc7 8. h3 Be7 9. g4 h6 10. g5 hxg5 11. Nxg5 Nbd7 12. Qf3 Nb6 13. 0-0-0 Bd7 14. Bxb6 Qxb6 15. Bc4 Rh4 16. Qd3 d5 17. exd5 Rc8 18. Bb3 Rf4 19. d6 Bf5 20. Bxf7+ Kf8 21. dxe7+ Kxe7 22. Qe3 Qa5 23. Bb3 Rc5 24. Rhe1 Rh4 25. Qg3 Rb4 26. Nge4 Rxb3 27. Qxg7+ Ke8 28. Nxf6# 1-0